[Event "Icelandic Team Championship 2021-22 - P"]
[Site "Reykjavik"]
[Date "2022.03.04"]
[Round "7.3"]
[White "Jacobsen, Mikkel Manosri"]
[Black "Sammalvuo, Tapani"]
[Result "0-1"]
[WhiteElo "2241"]
[BlackElo "2411"]
[PlyCount "64"]
[EventDate "2021.09.30"]
[EventType "team-tourn"]
[EventRounds "10"]
[EventCountry "ISL"]
[WhiteTeam "Taflfélag Reykjavíkur"]
[BlackTeam "Víkingaklúbburinn"]

1. d4 Nf6 2. c4 e6 3. g3 d5 4. Nf3 dxc4 5. Bg2 a6 6. a4 Nc6 7. Nc3 Bb4 8. O-O
O-O 9. Bg5 h6 10. Bxf6 Qxf6 11. e3 Rd8 12. Qe2 e5 13. Ne4 Qe7 14. Nxe5 Nxe5 15.
dxe5 Qxe5 16. Qxc4 a5 17. Rac1 c6 18. Nc5 Bxc5 19. Qxc5 Qxc5 20. Rxc5 Be6 21.
Be4 Rd2 22. Bc2 Rad8 23. Re1 Bh3 24. b3 g6 25. e4 R8d4 26. e5 Kf8 27. e6 Bxe6
28. Bxg6 Rd1 29. Rce5 Rxe1+ 30. Rxe1 Bxb3 31. Bf5 Rd1 32. Rxd1 Bxd1 0-1

[Event "Icelandic Team Championship 2021-22 - P"]
[Site "Reykjavik"]
[Date "2022.03.04"]
[Round "7.3"]
[White "Kjartansson, David"]
[Black "Birkisson, Bardur Orn"]
[Result "1-0"]
[WhiteElo "2305"]
[BlackElo "2160"]
[PlyCount "75"]
[EventDate "2021.09.30"]
[EventType "team-tourn"]
[EventRounds "10"]
[EventCountry "ISL"]
[WhiteTeam "Víkingaklúbburinn"]
[BlackTeam "Taflfélag Reykjavíkur"]

1. d4 d5 2. Nc3 Nf6 3. Bf4 c5 4. e3 e6 5. Nb5 Na6 6. c3 Be7 7. h3 O-O 8. Nf3
Ne4 9. Be2 b6 10. O-O Bb7 11. a4 Nd6 12. Bd3 Nc7 13. Nxd6 Bxd6 14. Bxh7+ Kxh7
15. Ng5+ Kg6 16. Qg4 f5 17. Qg3 Bxf4 18. exf4 Kf6 19. Rfe1 Ke7 20. dxc5 bxc5
21. b4 cxb4 22. cxb4 Qd6 23. Rac1 Rac8 24. Nf3 Ne8 25. Rxc8 Bxc8 26. b5 Rf6 27.
Ne5 Bb7 28. Rd1 Kf8 29. Qe3 a6 30. Qa7 Qc7 31. bxa6 Bc8 32. Qxc7 Nxc7 33. Rc1
Nxa6 34. Rxc8+ Ke7 35. a5 Nb4 36. Rb8 Na6 37. Rb7+ Kd8 38. Rxg7 1-0

[Event "Icelandic Team Championship 2021-22 - P"]
[Site "Reykjavik"]
[Date "2022.03.04"]
[Round "7.3"]
[White "Mai, Alexander Oliver"]
[Black "Bjornsson, Tomas"]
[Result "1/2-1/2"]
[WhiteElo "2188"]
[BlackElo "2174"]
[PlyCount "94"]
[EventDate "2021.09.30"]
[EventType "team-tourn"]
[EventRounds "10"]
[EventCountry "ISL"]
[WhiteTeam "Taflfélag Reykjavíkur"]
[BlackTeam "Víkingaklúbburinn"]

1. e4 e5 2. Nf3 Nf6 3. Nxe5 d6 4. Nf3 Nxe4 5. Nc3 Nf6 6. d4 Be7 7. Bd3 Bg4 8.
Be3 Nc6 9. a3 O-O 10. h3 Bh5 11. Qe2 Re8 12. g4 Bg6 13. Bxg6 hxg6 14. O-O-O Bf8
15. d5 Ne5 16. Nxe5 Rxe5 17. f4 Re7 18. Qf3 Qe8 19. Rhe1 Ne4 20. Nxe4 Rxe4 21.
Bf2 Rxe1 22. Rxe1 Qb5 23. Qe4 c6 24. c4 Qa4 25. Re3 Rc8 26. Rc3 c5 27. Qc2 Qd7
28. a4 Re8 29. Re3 Rxe3 30. Bxe3 Qe7 31. Qd3 Qh4 32. Bd2 Qf2 33. Kc2 Qg1 34. a5
b6 35. a6 Qa1 36. Qa3 Qh1 37. Bc1 Qe4+ 38. Qd3 Qe1 39. Qc3 Qe4+ 40. Qd3 Qe1 41.
Qe3 Qa5 42. Qa3 Qe1 43. Bd2 Qe4+ 44. Qd3 Qh1 45. Qe3 Qa1 46. Qa3 Qh1 47. Qe3
Qa1 1/2-1/2

[Event "Icelandic Team Championship 2021-22 - P"]
[Site "Reykjavik"]
[Date "2022.03.05"]
[Round "8.7"]
[White "Karason, Askell O"]
[Black "Kjartansson, David"]
[Result "1-0"]
[WhiteElo "2186"]
[BlackElo "2305"]
[PlyCount "107"]
[EventDate "2021.09.30"]
[EventType "team-tourn"]
[EventRounds "10"]
[EventCountry "ISL"]
[WhiteTeam "Iceland"]
[BlackTeam "Iceland"]
[WhiteTeamCountry "ISL"]
[BlackTeamCountry "ISL"]

1. d4 Nf6 2. c4 e6 3. Nc3 d5 4. cxd5 Nxd5 5. e4 Nxc3 6. bxc3 c5 7. a3 g6 8. Nf3
Bg7 9. Be2 O-O 10. O-O Nc6 11. Be3 Qa5 12. Qb3 Qc7 13. dxc5 Na5 14. Qb4 Bd7 15.
Nd4 Rfc8 16. Nb5 Bxb5 17. Qxb5 Bf8 18. Rfd1 Bxc5 19. Bxc5 a6 20. Qb6 Qxc5 21.
Rd8+ Rxd8 22. Qxc5 Nb3 23. Qb4 Nxa1 24. Qb2 Rac8 25. Qxa1 Rd2 26. Kf1 Rc2 27.
c4 Rd8 28. h4 Rdd2 29. Bf3 Rxc4 30. Kg1 b5 31. h5 gxh5 32. Qf6 Rc1+ 33. Kh2
Rcc2 34. Kg3 Rxf2 35. Qg5+ Kf8 36. Qxh5 Rfd2 37. Qxh7 Ke7 38. Qh4+ Ke8 39. Qh8+
Ke7 40. Qb8 Kf6 41. Kf4 Rd3 42. Qf8 Rc4 43. Qh8+ Ke7 44. Be2 Rxa3 45. Bxc4 bxc4
46. Qd4 Ra2 47. Qc5+ Ke8 48. g4 Rc2 49. Ke5 Rc1 50. g5 c3 51. g6 fxg6 52. Kxe6
Kd8 53. Qf8+ Kc7 54. Qf4+ 1-0

[Event "Icelandic Team Championship 2021-22 - P"]
[Site "Reykjavik"]
[Date "2022.03.05"]
[Round "8.1"]
[White "Oleksiyenko, Mykhaylo"]
[Black "Gretarsson, Hjorvar Steinn"]
[Result "1-0"]
[WhiteElo "2584"]
[BlackElo "2554"]
[PlyCount "115"]
[EventDate "2021.09.30"]
[EventType "team-tourn"]
[EventRounds "10"]
[EventCountry "ISL"]
[WhiteTeam "Ukraine"]
[BlackTeam "Iceland"]
[WhiteTeamCountry "UKR"]
[BlackTeamCountry "ISL"]

1. d4 Nf6 2. Nf3 e6 3. g3 b6 4. Bg2 Bb7 5. O-O Be7 6. c4 O-O 7. Re1 Na6 8. Nc3
d5 9. cxd5 exd5 10. Bg5 Re8 11. Ne5 c5 12. e3 Nc7 13. Qb3 c4 14. Qa4 h6 15.
Bxf6 Bxf6 16. Ng4 Be7 17. b3 b5 18. Qa5 b4 19. Na4 c3 20. a3 Rb8 21. Nc5 Bxc5
22. Qxc5 Na6 23. Qb5 Qd6 24. Ne5 bxa3 25. Nd3 Rec8 26. Rec1 c2 27. Qa5 Qb6 28.
Rxa3 Qxa5 29. Rxa5 Rc3 30. Bf1 Bc8 31. Ra2 Rbxb3 32. Raxc2 Rxc2 33. Rxc2 Bf5
34. Rc6 Rxd3 35. Bxd3 Bxd3 36. Rc8+ Kh7 37. Ra8 Nb4 38. Rxa7 f6 39. f3 Kg6 40.
Rb7 Na2 41. Kf2 h5 42. Rc7 Nb4 43. Ke1 Bf5 44. Kd2 Nd3 45. Rb7 Nf2 46. Re7 Kh6
47. Ke2 Nh3 48. e4 dxe4 49. fxe4 Bg4+ 50. Ke3 Ng5 51. d5 Nh7 52. Kd4 Kg6 53. h4
Nf8 54. Kc5 Nd7+ 55. Kd6 Ne5 56. Rxe5 fxe5 57. Ke7 Bh3 58. d6 1-0

[Event "Icelandic Team Championship 2021-22 - P"]
[Site "Reykjavik"]
[Date "2022.03.05"]
[Round "8.1"]
[White "Thybo, Jesper Sondergaard"]
[Black "Stefansson, Vignir Vatnar"]
[Result "1/2-1/2"]
[WhiteElo "2590"]
[BlackElo "2477"]
[PlyCount "83"]
[EventDate "2021.09.30"]
[EventType "team-tourn"]
[EventRounds "10"]
[EventCountry "ISL"]
[WhiteTeam "Denmark"]
[BlackTeam "Iceland"]
[WhiteTeamCountry "DEN"]
[BlackTeamCountry "ISL"]

1. d4 e6 2. c4 Nf6 3. Nf3 d5 4. g3 dxc4 5. Bg2 c5 6. O-O Nc6 7. Na3 cxd4 8.
Nxc4 Bc5 9. Bf4 O-O 10. Rc1 Qe7 11. Nce5 Bd7 12. Qb3 b6 13. Nxd7 Nxd7 14. Ng5
Rac8 15. Qc2 Nf6 16. Bxc6 Rxc6 17. b4 e5 18. Bd2 h6 19. Ne4 d3 20. Qxd3 Rd8 21.
Qf3 Nxe4 22. Qxe4 Rcd6 23. Be1 Rd4 24. Qb1 Bd6 25. e3 Rd5 26. Qe4 Bb8 27. Bc3
Qe6 28. Rc2 f5 29. Qc4 Rc8 30. Qe2 e4 31. Rfc1 Be5 32. Bxe5 Rxc2 33. Qxc2 Qxe5
34. h4 Qd6 35. a3 Kh7 36. Kg2 Rd2 37. Qc7 Rxf2+ 38. Kxf2 Qd2+ 39. Kf1 Qd3+ 40.
Kf2 Qd2+ 41. Kf1 Qd3+ 42. Kf2 1/2-1/2

[Event "Icelandic Team Championship 2021-22 - P"]
[Site "Reykjavik"]
[Date "2022.03.05"]
[Round "9.1"]
[White "Thybo, Jesper Sondergaard"]
[Black "Hillarp Persson, Tiger"]
[Result "1/2-1/2"]
[WhiteElo "2590"]
[BlackElo "2505"]
[PlyCount "149"]
[EventDate "2021.09.30"]
[EventType "team-tourn"]
[EventRounds "10"]
[EventCountry "ISL"]
[WhiteTeam "Denmark"]
[BlackTeam "Sweden"]
[WhiteTeamCountry "DEN"]
[BlackTeamCountry "SWE"]

1. d4 e6 2. c4 f5 3. g3 Nf6 4. Bg2 d5 5. Nh3 Bd6 6. O-O O-O 7. Qc2 Nc6 8. Rd1
Nb4 9. Qb3 a5 10. a3 a4 11. Qc3 Nc6 12. cxd5 Nxd5 13. Qc2 Qf6 14. Bg5 Qf7 15.
e3 h6 16. Bf4 g5 17. Bxd6 cxd6 18. Nc3 Nxc3 19. bxc3 e5 20. f4 gxf4 21. gxf4
exd4 22. exd4 Bd7 23. Rd3 Kh7 24. Qf2 Qf6 25. Kh1 Rg8 26. Rb1 Na5 27. Bd5 Rg4
28. Re3 Re8 29. Rbe1 Rxe3 30. Rxe3 Bc6 31. Bxc6 Nxc6 32. Qa2 Rg7 33. Qd5 Qf7
34. Qf3 Ne7 35. Qxb7 Qd5+ 36. Qxd5 Nxd5 37. Re6 Nxc3 38. Rxd6 Rb7 39. d5 Rb3
40. Nf2 Rxa3 41. Nd3 Ne2 42. Rd7+ Kg8 43. Rd8+ Kg7 44. Rd7+ Kf8 45. Nc5 Nxf4
46. h4 Rh3+ 47. Kg1 a3 48. d6 Rg3+ 49. Kh2 Rh3+ 50. Kg1 Rg3+ 51. Kh2 Rg2+ 52.
Kh1 Rd2 53. Rd8+ Kf7 54. d7 Ne6 55. Ra8 a2 56. Nxe6 Kxe6 57. Rxa2 Rxd7 58. Kg2
Ke5 59. Ra6 Rd6 60. Ra4 Rd4 61. Ra5+ Kf4 62. Ra6 h5 63. Rg6 Rd2+ 64. Kh3 Ke3
65. Rg5 f4 66. Re5+ Kf3 67. Rxh5 Rd1 68. Kh2 Kg4 69. Ra5 Rd2+ 70. Kg1 Kxh4 71.
Ra3 Kg4 72. Kf1 Rb2 73. Rc3 Kf5 74. Ra3 Rd2 75. Rb3 1/2-1/2

[Event "Icelandic Team Championship 2021-22 - P"]
[Site "Reykjavik"]
[Date "2022.03.05"]
[Round "9.5"]
[White "Bjornsson, Sigurbjorn"]
[Black "Halldorsson, Halldor"]
[Result "1-0"]
[WhiteElo "2305"]
[BlackElo "2211"]
[PlyCount "117"]
[EventDate "2021.09.30"]
[EventType "team-tourn"]
[EventRounds "10"]
[EventCountry "ISL"]
[WhiteTeam "Iceland"]
[BlackTeam "Iceland"]
[WhiteTeamCountry "ISL"]
[BlackTeamCountry "ISL"]

1. e4 c5 2. Nf3 d6 3. d4 cxd4 4. Nxd4 Nf6 5. Nc3 a6 6. Be3 e5 7. Nb3 Be6 8. f3
Be7 9. Qd2 O-O 10. O-O-O a5 11. a4 Nc6 12. Kb1 Nb4 13. g4 Rc8 14. g5 Ne8 15. f4
exf4 16. Bxf4 d5 17. exd5 Bf5 18. Nd4 Rxc3 19. Qxc3 Be4 20. Rg1 Nxd5 21. Qe1
Bg6 22. Bc4 Nxf4 23. Nc6 bxc6 24. Rxd8 Bxd8 25. Qd2 Bc7 26. Qd7 Bb8 27. Rf1 Nd5
28. Bxd5 cxd5 29. Qxd5 Bxh2 30. Qxa5 Nd6 31. Qd2 Be5 32. Qd5 Bg3 33. Qb3 Ne4
34. Rd1 Bf4 35. Qd5 Bxg5 36. Rd4 Re8 37. Rxe4 Bxe4 38. Qxg5 Rc8 39. a5 f5 40.
Qd2 h5 41. Qd7 Ra8 42. Qe7 Rf8 43. b4 Ba8 44. Qe6+ Kh7 45. Qd6 Rf6 46. Qf4 Be4
47. b5 Rg6 48. b6 Rg2 49. a6 Rg4 50. Qxg4 hxg4 51. b7 g3 52. b8=Q g2 53. Qh2+
Kg6 54. Kc1 Kg5 55. Kd2 Kg4 56. Ke3 g5 57. a7 Bc6 58. Kf2 f4 59. Qh8 1-0

[Event "Icelandic Team Championship 2021-22 - P"]
[Site "Reykjavik"]
[Date "2022.03.06"]
[Round "10.1"]
[White "Oleksiyenko, Mykhaylo"]
[Black "Thybo, Jesper Sondergaard"]
[Result "1/2-1/2"]
[WhiteElo "2584"]
[BlackElo "2590"]
[PlyCount "155"]
[EventDate "2021.09.30"]
[EventType "team-tourn"]
[EventRounds "10"]
[EventCountry "ISL"]
[WhiteTeam "Ukraine"]
[BlackTeam "Denmark"]
[WhiteTeamCountry "UKR"]
[BlackTeamCountry "DEN"]

1. e4 c5 2. Nf3 Nc6 3. d4 cxd4 4. Nxd4 Nf6 5. Nc3 e5 6. Ndb5 d6 7. Bg5 a6 8.
Na3 b5 9. Nd5 Be7 10. Bxf6 Bxf6 11. c4 b4 12. Nc2 O-O 13. g3 a5 14. Bg2 g6 15.
Nxf6+ Qxf6 16. O-O h5 17. h4 Be6 18. b3 Qd8 19. Qd2 Kh7 20. Kh2 Qe7 21. Rad1
Rfd8 22. Bh3 a4 23. Bxe6 fxe6 24. Nxb4 Nd4 25. f4 axb3 26. axb3 Ra3 27. Qf2 Rf8
28. Nd3 Rxb3 29. c5 dxc5 30. Nxe5 Qb7 31. Rxd4 cxd4 32. Qxd4 Rb4 33. Qd6 Rxe4
34. Rf2 Re8 35. Rc2 Rc8 36. Rd2 Re1 37. Qd7+ Qxd7 38. Rxd7+ Kg8 39. Rd2 Rec1
40. Nxg6 R8c2 41. Rg2 Kg7 42. Ne5 Kf6 43. Nd3 Rxg2+ 44. Kxg2 Rc3 45. Nf2 Ra3
46. Ne4+ Kf5 47. Nf2 Rb3 48. Kh2 Kf6 49. Ne4+ Ke7 50. Kg2 Re3 51. Ng5 Kd6 52.
Kf2 Ra3 53. Ne4+ Kc6 54. Nf6 Ra5 55. Ke3 Rf5 56. Ne4 Kd5 57. Nc3+ Kc4 58. Ne4
Rf8 59. Ng5 Kd5 60. Ne4 e5 61. fxe5 Kxe5 62. Nf2 Kf5 63. Kf3 Ra8 64. g4+ hxg4+
65. Nxg4 Ra3+ 66. Ne3+ Ke5 67. Ke2 Ke4 68. Nc2 Rh3 69. Kd2 Rxh4 70. Kc3 Rh8 71.
Nb4 Rc8+ 72. Kd2 Rb8 73. Kc3 Rc8+ 74. Kd2 Rc4 75. Nc2 Rc5 76. Nb4 Kd4 77. Nc2+
Rxc2+ 78. Kxc2 1/2-1/2

[Event "Icelandic Team Championship 2021-22 - P"]
[Site "Reykjavik"]
[Date "2022.03.06"]
[Round "10.6"]
[White "Heimisson, Hilmir Freyr"]
[Black "Thorsteins, Karl"]
[Result "1/2-1/2"]
[WhiteElo "2333"]
[BlackElo "2403"]
[PlyCount "114"]
[EventDate "2021.09.30"]
[EventType "team-tourn"]
[EventRounds "10"]
[EventCountry "ISL"]
[WhiteTeam "Iceland"]
[BlackTeam "Iceland"]
[WhiteTeamCountry "ISL"]
[BlackTeamCountry "ISL"]

1. d4 g6 2. c4 Bg7 3. Nf3 c6 4. Nc3 d5 5. cxd5 cxd5 6. Bf4 Nf6 7. e3 O-O 8. Be2
Nc6 9. h3 Bf5 10. Rc1 Rc8 11. O-O Re8 12. Ne5 a6 13. g4 Be6 14. Qb3 b5 15. a4
Nxe5 16. Bxe5 Ne4 17. Bxg7 Kxg7 18. Nxe4 dxe4 19. Qb4 Rb8 20. axb5 axb5 21. Rc5
Bc4 22. Bxc4 bxc4 23. Qxc4 Rxb2 24. d5 Qd6 25. Qd4+ e5 26. Qxb2 Qxc5 27. Rd1
Qd6 28. Qb1 f5 29. Qb5 Rd8 30. gxf5 gxf5 31. Kh2 Kh6 32. Ra1 Qxd5 33. Ra6+ Kg7
34. Qb6 Ra8 35. Qf6+ Kg8 36. Rd6 Qf7 37. Qxe5 Re8 38. Qd4 Qa2 39. Kg3 f4+ 40.
exf4 Qf7 41. Rd5 h6 42. f5 Qh5 43. Qd1 Qxd1 44. Rxd1 e3 45. fxe3 Rxe3+ 46. Kg4
h5+ 47. Kg5 Rxh3 48. Kf6 h4 49. Rd8+ Kh7 50. Rd7+ Kh6 51. Rd4 Kh5 52. Kf7 Rf3
53. f6 h3 54. Rd5+ Kg4 55. Kg6 h2 56. Rg5+ Kh3 57. Rh5+ Kg2 1/2-1/2